Statistiques concernant Connaissez-vous vraiment le film La Boum ?

Cliquez ici pour prendre le quiz!

Statistiques générales

  • Ce quiz a été pris 126 fois
  • Le résultat moyen est 11 sur 17

Statistiques - réponses

HintRéponse% Correct
"Sortir avec un garçon, ça veut dire l'embrasser sur _____."la bouche
95%
"J'en meurs, j'en meurs... je donnerai n'importe quoi pour être invité à cette _____."boum
93%
Quelle actrice interprète le rôle de Vic Beretton ?Sophie Marceau
93%
Vic organise une boum pour son anniversaire, elle a quelle âge ?14 ans
90%
"Le jour où un garçon sera amoureux de moi, vraiment amoureux. Je le ferai _____ horriblement."souffrir
83%
Quel est le métier de François, le père de Vic ?Dentiste
79%
Qu'annonce Françoise à François par le biais d'un dessin ?Qu'elle est enceinte
75%
L'amant de Françoise, Éric Lehman, est professeur de quelle matière ?Professeur d'allemand
71%
Comment Vic appelle-t-elle son arrière-grand-mère ?Poupette
68%
Quel est le titre de la chanson culte du film, composée par Vladimir Cosma et chanté par Richard Sanderson ?Reality
64%
Quel acteur interprète le rôle de son père, François Beretton ?Claude Brasseur
60%
Que fait Vic pour rendre jaloux Matthieu à La Main Jaune ?Elle embrasse son père
54%
Quelle actrice interprète le rôle de sa mère, Françoise Beretton ?Brigitte Fossey
38%
Qui est le réalisateur du film ?Claude Pinoteau
38%
"J’ai peut-être un pied dans la tombe, mais je ne veux pas qu’on me marche sur _____."l’autre
38%
"C'est une Boum, c'est pas combat de _____."gladiateurs
21%
Quel César La Boum 2 a-t-il remporté ?César du meilleur espoir féminin pour Sophie Marceau
17%

Distribution des résultats

Percentile par nombre de réponses

% des personnes avec chaque résultat

Votre développement - résultats

Vous n’avez pas pris ce quiz